Every Other Word-Bohemian Rhapsody - Statistics

General Stats
  • This quiz has been taken 25 times
  • The average score is 113 of 184
Answer Stats
Lyrics % Correct
A
92%
I
88%
Killed
88%
Mama
88%
Man
83%
No
83%
No!
83%
The
83%
You
83%
Dead
79%
Just
79%
Life
79%
This
79%
And
75%
Go
75%
(Go)
75%
Head
75%
Me
75%
(Me)
75%
Now
75%
To
75%
Against
71%
Is
71%
Little
71%
My
71%
Easy
67%
Fantasy
67%
I'm
67%
In
67%
Let
67%
let
67%
(Let)
67%
Poor
67%
Really
67%
See
67%
Boy
63%
Do
63%
Galileo
63%
He's
63%
It
63%
Landslide
63%
On
63%
Reality
63%
Blows
58%
But
58%
Escape
58%
Family
58%
Of
58%
All
54%
Any
54%
Make
54%
Oooh
54%
Wind
54%
Your
54%
Away
50%
Cry
50%
Die
50%
Has
50%
If
50%
I've
50%
Look
50%
Matters
50%
Mean
50%
Skies
50%
Will
50%
Because
46%
Goodbye
46%
Never
46%
(Never)
46%
Nothing
46%
Tomorrow
46%
Very
46%
Back
42%
Born
42%
Eye
42%
Lightning
42%
Love
42%
Loves
42%
Devil
38%
Don't
38%
Face
38%
Figaro
38%
Gotta
38%
Him
38%
(Him)
38%
Too
38%
Truth
38%
Wish
38%
Aching
33%
Behind
33%
Scaramouch
33%
Spine
33%
Way
33%
Anyone
29%
Aside
29%
Down
29%
Out
29%
Right
29%
Baby
25%
Here
25%
Thunderbolts
25%
Sends
17%
Stop
17%
Basmillah
0%
No matching quizzes found
Score Distribution
Percent of People with Each Score
Percentile by Number Answered
Your Score History
You have not taken this quiz